000 01108nam0a22002891 4500
001 RU\NLR\INFOCOMM_36\5000221601
005 20250613095000.0
035 _a(NLR Aleph) 009282117
090 _a9167798
_c9167798
100 _a20100920d1975 |||y0rusy50 ca
101 1 _aeng
_crus
_feng
_frus
102 _aRU
105 _aa ||||000|y
200 1 _aLinear algebra and multidimensional geometry
_fN. V. Efimov, E. R. Rozendorn
_gTransl. from the Russ. by George Yankovsky
205 _a[Rev. from the 1974 Russ. ed.]
210 _aΜ.
_c"Mir"
_d1975
215 _a497 с.
_cил.
_d22 см
300 _aДоп. тит. л. на рус. яз.: Н. В. Ефимов, Э. Р. Розендорн. Линейная алгебра и многомерная геометрия
686 _aВ152.2я73-1
_2rubbk
686 _aВ181я73-1[Мт-620(Рус.)]
_2rubbk
700 1 _aEfimov
_bN. V.
_f1910-1982
_gNikolaj Vladimirovič
_4070
701 1 _aRozendorn
_bÉ. R.
_gÉmil' Renol'dovič
_4070
801 1 _aRU
_bNLR
_c20100920
801 0 _aRU
_bNLR
_gPSBO
852 _aNLR
_jМт01 Д-5/231
942 _cBOOK
980 _aNB